000 01008cam a2200289 a 4500
001 11983296
003 NUST
005 20221019143903.0
008 000421s1999 enka b 001 0 eng
010 _a 00304276
020 _a9780393058581
038 _aAzhar
040 _aDLC
_cDLC
_dDLC
050 0 0 _aQC794.6.S85
_bG75 1999b
082 0 0 _a539.7258
_221
_bGRE
100 1 _aGreene, B.
_q(Brian),
_d1963-
_9100828
245 1 4 _aThe elegant universe :
_bsuperstrings, hidden dimensions, and the quest for the ultimate theory
_cBrian Greene.
260 _aLondon :
_bW.W Norton & company
_c2003
300 _axiii, 448 p. :
_bill. ;
_c24 cm.
504 _aIncludes bibliographical references (p. 427-428) and index.
563 _aHB
650 0 _aSuperstring theories.
_9100829
650 0 _aCosmology.
906 _a7
_bcbc
_corigcop
_d2
_encip
_f20
_gy-gencatlg
942 _2ddc
_cLC
999 _c591952
_d591952